Návrh steganografického úložiska vo videu
Salvato in:
| Autore principale: | |
|---|---|
| Altri autori: | |
| Natura: | Manoscritto Libro |
| Lingua: | slovacco |
| Pubblicazione: |
2015
|
| Soggetti: | |
| Accesso online: | http://is.stuba.sk/zp/portal_zp.pl?podrobnosti=111843 |
| Tags: |
Nessun Tag, puoi essere il primo ad aggiungerne!!
|
MARC
| LEADER | 00000ntm a22000003a 4500 | ||
|---|---|---|---|
| 001 | stuzp49718 | ||
| 003 | SK-STU | ||
| 005 | 20160719153349.9 | ||
| 007 | ta | ||
| 008 | 150427s2015----xo-----f-mn---000-0-slo-d | ||
| 040 | |a STU |b slo | ||
| 041 | 0 | |a slo | |
| 100 | 1 | |a Khandl, Tomáš |u 035000 |4 aut |U FEI Fakulta elektrotechniky a informatiky |T FEI Ústav informatiky a matematiky |X 64750 |U E050 |Y 816 |7 A000064750 | |
| 242 | 0 | 1 | |a Design of steganography repository in video |y eng |
| 245 | 1 | 0 | |a Návrh steganografického úložiska vo videu |
| 260 | |c 2015 | ||
| 300 | |a 50 s., príl. |b CD-ROM | ||
| 650 | 4 | |a steganografia |2 slo | |
| 650 | 4 | |a pohybové vektory |2 slo | |
| 650 | 4 | |a ffmpeg |2 slo | |
| 650 | 4 | |a H.264/MPEG-4 AVC |2 slo | |
| 650 | 4 | |a steganography, |2 eng | |
| 650 | 4 | |a motion vectors |2 eng | |
| 650 | 4 | |a ffmpeg |2 eng | |
| 650 | 4 | |a H.264/MPEG-4 AVC |2 eng | |
| 700 | 1 | |a Jókay, Matúš |4 ths |X 10139 |7 A000010139 | |
| 856 | 4 | |u http://is.stuba.sk/zp/portal_zp.pl?podrobnosti=111843 | |
| 996 | |b 284EP11145 |c E*DIPL- 11145 |l EE35 |s P |a 0 |w stuzp49718_0001 | ||
| SQL | |a stuzp49718 |b DDP |c SLO |d Návrh steganografického úložiska vo videu |e 64750 |f Khandl, Tomáš |g 035000 |h 10139 |i Jókay, Matúš |j 20150616 |k 359 |l 03 |m http://is.stuba.sk/zp/portal_zp.pl?podrobnosti=111843 |n I-API |o 9.2.9. aplikovaná informatika | ||